Every Eurovision Song Of The 1950s - Statistics

General Stats
  • This quiz has been taken 29 times
  • The average score is 23 of 45
Answer Stats
Year Country Artist Answer % Correct
1958 France André Claveau Dors Mon Amour
100%
1959 Netherlands Teddy Scholten Een Beetje
100%
1958 Switzerland Lys Assia Giorgio
100%
1956 Switzerland Lys Assia Refrain
100%
1958 Italy Domenico Mudugno Nel Blu Dipinto Di Blu (Volare)
94%
1957 Netherlands Corry Brokken Net Als Toen
94%
1957 United Kingdom Patricia Bredin All
88%
1959 United Kingdom Pearl Carr & Teddy Johnson Sing Little Birdie
82%
1956 Italy Franca Raimondi Aprite Le Finestre
76%
1959 Monaco Jacques Pills Mon Ami Pierrot
76%
1956 Luxembourg Michèle Arnaud Ne Crois Pas
76%
1959 France Jean Philippe Oui, Oui, Oui, Oui
76%
1957 Germany Margot Hielscher Telefon, Telefon
76%
1956 Switzerland Lys Assia Das Alte Karussell
71%
1958 Sweden Alice Babs Lilla Stjärna
71%
1956 France Dany Dauberson Il Est Là
65%
1956 Italy Tonina Torielli Amami Se Vuoi
59%
1957 France Paule Desjardins La Belle Amour
59%
1957 Austria Bob Martin Wohin, Kleines Pony
59%
1959 Sweden Brita Borg Augustin
53%
1958 Luxembourg Solange Berry Un Grand Amour
53%
1957 Italy Nunzio Gallo Corde Della Mia Chitarra
47%
1956 Netherlands Jetty Pearl De Vogels Van Holland
47%
1956 France Mathé Altéry Le Temps Perdu
47%
1957 Denmark Birthe Wilke & Gustav Winckler Skibet Skal Sejle I Nat
47%
1958 Germany Margot Hielscher Für Zwei Groschen Musik
41%
1956 Germany Walter Andreas Schwarz Im Wartesaal Zum Großen Glück
41%
1959 Italy Domenico Mudugno Piove
35%
1956 Germany Freddy Quinn So Geht Das Jede Nacht
35%
1956 Netherlands Corry Brokken Voorgoed Voorbij
35%
1959 Switzerland Christa Williams Irgendwoher
29%
1957 Belgium Bobbejaan Schoepen Straatdeuntje
29%
1958 Netherlands Corry Brokken Heel De Wereld
24%
1957 Switzerland Lys Assia L'enfant Que J'étais
24%
1958 Belgium Fud Leclerc Ma Petite Chatte
24%
1959 Austria Ferry Graf Der K. Und K. Kalypso Aus Wien
18%
1958 Denmark Raquel Rastenni Jeg Rev Et Blad Ud Af Min Dagbog
18%
1956 Luxembourg Michèle Arnaud Les Amants De Minuit
18%
1956 Belgium Fud Leclerc Messieurs Les Noyés De La Seine
18%
1959 Denmark Birthe Wilke Uh, Jeg Ville Ønske Jeg Var Dig
18%
1957 Luxembourg Danièle Dupré Amours Mortes (Tant De Peine)
12%
1958 Austria Liane Augustin Die Ganze Welt Braucht Liebe
12%
1959 Belgium Bob Benny Hou Toch Van Mij
12%
1956 Belgium Mony Marc Le Plus Beau Jour De Ma Vie
12%
1959 Germany Alice & Ellen Kessler Heut' Woll'n Wir Tanzen Geh'n
0%
No matching quizzes found
Score Distribution
Percent of People with Each Score
Percentile by Number Answered
Your Score History
You have not taken this quiz